00329nam a2200109Ia 4500008004100000020001500041050002700056100004000083245005000123260002800173300001800201120626s2003 mx 000 0 spa d a9701865936 aPR6013 G65 bL618 2003 aGolding, Williamd 1911-1993eautor aEl señor de las moscas c/ William, Golding aMéxicob: SEPc, 2003 a249 páginas